Southville International School and Colleges
Your cart is empty.
  • Cart
  • Lists
    Public lists Eva Luna New books Lux_list list_1
    Your lists Log in to create your own lists
  • Log in to your account
  • Your cookies
  • Search history
Southville International School and Colleges
  • Advanced search
  • Recent comments
  • Most popular
  • Libraries

Log in to your account

Log in with GOOGLE


If you do not have an external account, but do have a local account, you can still log in:

  1. Home
  2. MARC view: All quiet on the western front /
Normal view MARC view ISBD view

All quiet on the western front / (Record no. 292401)

[ view plain ]
MARC details
000 -LEADER
fixed length control field 00849nam a2200253Ia 4500
008 - FIXED-LENGTH DATA ELEMENTS--GENERAL INFORMATION
fixed length control field 160319s9999 xx 000 0 und d
245 ## - TITLE STATEMENT
Title All quiet on the western front /
245 ## - TITLE STATEMENT
Statement of responsibility, etc Discovery Channel School.
260 ## - PUBLICATION, DISTRIBUTION, ETC. (IMPRINT)
Place of publication, distribution, etc Philippines:
260 ## - PUBLICATION, DISTRIBUTION, ETC. (IMPRINT)
Name of publisher, distributor, etc Distributed by Magnavision Home Video/Discovery Communications, Inc.,
260 ## - PUBLICATION, DISTRIBUTION, ETC. (IMPRINT)
Date of publication, distribution, etc 2005
300 ## - PHYSICAL DESCRIPTION
Extent 1 videodisc (approximately 27 min.) :
300 ## - PHYSICAL DESCRIPTION
Other physical details digital, sound, color ;
300 ## - PHYSICAL DESCRIPTION
Dimensions 4 3/4 in.
440 ## - SERIES STATEMENT/ADDED ENTRY--TITLE
Title Discovery Channel School. Literature.
500 ## - GENERAL NOTE
General note Language in English.
650 ## - SUBJECT ADDED ENTRY--TOPICAL TERM
Topical term or geographic name as entry element German literature --
650 ## - SUBJECT ADDED ENTRY--TOPICAL TERM
Topical term or geographic name as entry element Remarque, Erich Maria, 1898-1970.
650 ## - SUBJECT ADDED ENTRY--TOPICAL TERM
Topical term or geographic name as entry element World War, 1914-1918 --
650 ## - SUBJECT ADDED ENTRY--TOPICAL TERM
General subdivision Fiction.
650 ## - SUBJECT ADDED ENTRY--TOPICAL TERM
General subdivision History and criticism.
700 ## - ADDED ENTRY--PERSONAL NAME
Personal name Discovery School (Firm), corporate.
700 ## - ADDED ENTRY--PERSONAL NAME
Personal name Magnavision Home Video., corporate.
Holdings
Withdrawn status Lost status Damaged status Home library Current library Date acquired Total Checkouts Barcode Date last seen Price effective from Koha item type
      Stonyhurst Southville International School (Batangas) Stonyhurst Southville International School (Batangas) 03/19/2016   AV-004 03/19/2016 03/19/2016 Audio Visual Materials

All quiet on the western front /

APA

Discovery School (Firm) c., Magnavision Home Video, .All quiet on the western front. Philippines: .

Chicago

Discovery School (Firm) corporate, Magnavision Home Video, .All quiet on the western front. Philippines: .

Harvard

Discovery School (Firm) c., Magnavision Home Video, .All quiet on the western front. Philippines: .

MLA

Discovery School (Firm) corporate, Magnavision Home Video, .Philippines: . .

  • Place hold
  • Print
  • Cite
  • Add to your cart (remove)
  • Save record
    BIBTEX Dublin Core MARCXML MARC (non-Unicode/MARC-8) MARC (Unicode/UTF-8) MARC (Unicode/UTF-8, Standard) MODS (XML) RIS
  • More searches
    Search for this title in:
    Other Libraries (WorldCat) Other Databases (Google Scholar) Online Stores (Bookfinder.com) Open Library (openlibrary.org)

Exporting to Dublin Core...

SOUTHVILLE LIBRARY

Southville International School and Colleges Library

1281 Tropical Ave. Cor. Luxembourg St., BF Homes International, Las Pinas City

Tel. No. 8256374 / 252358 Loc. 117/146

Powered by Koha